00554nam a22001937a 450000500170000001000130001702000100003003500130004003700160005304000120006908200170008110000190009824500840011726000430020127000600024430000210030465000190032565000160034420170124110246.0 aA-427065 c00.00 aA-427065 bCen Lib/Ret aDPLbEN a792.015bSAF aSafdar Hashmi  aThe right to perform :cby Safdar Hashmi bselected writings of safdar hashmi / aNew Delhi bSahmat Publications c1989 bVitthal bhai Patel House Rafi Marg aNew Delhi e110001 a180p. c20cm(Hb) aStreet theater aIndic drama